[Event "GER-ch Net blitz qual4"]
[Site "Playchess.com INT"]
[Date "2021.05.10"]
[Round "2"]
[White "Hoppe, Frank"]
[Black "Schneider, Simon"]
[Result "1-0"]
[WhiteElo "1808"]
[BlackElo "1615"]
[PlyCount "67"]
[EventDate "2021.05.10"]
[EventType "swiss (blitz)"]
[EventRounds "11"]
[EventCountry "GER"]
[SourceTitle "CBM 202 Extra"]
[Source "ChessBase"]
[SourceDate "2021.07.31"]
[SourceVersion "1"]
[SourceVersionDate "2021.07.31"]
[SourceQuality "1"]

1. e4 c5 2. Nf3 g6 3. Nc3 Bg7 4. g3 Nf6 5. Bg2 Nc6 6. 0-0 0-0 7. d3 d5 8. exd5 Nxd5 9. Bd2 Bg4 10. h3 Bxf3 11. Bxf3 e6 12. Rb1 Nd4 13. Bg2 Rc8 14. Ne4 b6 15. f4 Qc7 16. Ng5 c4 17. dxc4 Qxc4 18. c3 Ne2+ 19. Kh2 Qd3 20. Rf3 Qa6 21. a3 Nexc3 22. bxc3 Nxc3 23. Bxc3 Bxc3 24. Qb3 Bg7 25. Bf1 Qb7 26. Bg2 Qd7 27. Rd3 Qc7 28. Re1 Qc2 29. Qxc2 Rxc2 30. Rd7 h6 31. Ne4 a5 32. Nd6 h5 33. Rb1 Rc6 34. Bxc6 1-0